Normal view MARC view

Entry Personal Name

Number of records used in: 1

001 - CONTROL NUMBER

  • control field: 164

003 - CONTROL NUMBER IDENTIFIER

  • control field: csc

005 - DATE AND TIME OF LATEST TRANSACTION

  • control field: 20140507162048.0

008 - FIXED-LENGTH DATA ELEMENTS

  • fixed length control field: 100722|||a|||||| | ||| d

040 ## - CATALOGING SOURCE

  • Original cataloging agency: csc
  • Transcribing agency: csc

100 ## - HEADING--PERSONAL NAME

  • Personal name: Woolley, David,
  • Dates associated with a name: 1924-2005.

670 ## - SOURCE DATA FOUND

  • Source citation: Work cat.: (csc)0: Swift, Jonathan, 1667-1745. 272, Jonathan Swift :, 2008.